000
00333 a2200109 4500
001
ART_19554
005
20260410161721.0
008
260409a
245
1
0
_a
Producción conjunta y análisis marginal:
100
1
_a
Kuster, Christian
773
0
_t
Contabilidad y auditoría
_g
- Año 19, Nº 37 (jun.2013)
_w
REV1723
999
_c
16959
_d
16959